000 00613nam a2200229Ia 4500
003 OSt
005 20221007075603.0
006 a|||||r|||| 00| 0
007 ta
008 221006b |||||||| |||| 00| 0 eng d
024 _a19,877
037 _cTextual
040 _aFLL
_cFLL
_beng
041 _2eng
_aeng
082 _aD65,8(B):Z, P1
100 _aVittal N. Au.
_9693998
245 0 _aInformation technology India's tomorrow
260 _aNew Delhi
_bManas Pub. India
_c2001
300 _a416p
_ccm.
942 _hD65,8(B):Z, P1
_cTEXL
_2CC
999 _c1156653
_d1156653